000 01323nac a22003377a 4500
001 BR8001507
003 BR-BrBNA
005 20240105114626.0
008 230509b bl.|||m| |||| 00| 0 por d
040 _aBR-BrBNA
_bpor
_cBiblioteca Nacional de Agricultura
072 _aE15; F00
090 _a0336 BR8001507
100 1 _aPeixoto, H.R.
100 1 _aChaloult, N.B.
100 1 _aFigueiredo, V.
110 1 _aSecretaria Nacional de Planejamento Agricola, Brasilia, DF (Brasil)
_99209
245 1 _aA soja na pequena agricultura. Um estudo de caso no Rio Grande do Sul [Estatistica de producao; Produtividade; Glycine max; Brasil]
246 1 _aSoybean in the small farming. A study of a case in the state of Rio Grande do Sul [Production statistics; Productivity; Glycine max; Brazil]
260 3 _aBrasilia, DF (Brasil):
_bBiblioteca Nacional de Agricultura,
_c1979.
300 _a72 p.
490 _aEstudos sobre o Desenvolvimento Agricola - Secretaria Nacional de Planejamento Agricola (Brazil)
_vno. 9
_x
500 _a16 tables; 18 ref.
650 _aMicroeconomia
650 _aProducao vegetal
650 _aSoja
650 _aEstatistica de producao
650 _aProdutividade
650 _aRio Grande do Sul
909 _a202312
_bLúcia Elande
_c55
_dLúcia Elande
942 _2AGRIS
_n0
_cMS
999 _c270405
_d270405